[Event "World Amateur-ch U2000"]
[Site "Cagliari"]
[Date "2018.04.26"]
[Round "6"]
[White "Sahinoz, Giulio O"]
[Black "Pereira Vera, Henry Alberto"]
[Result "1-0"]
[WhiteElo "1757"]
[BlackElo "1882"]
[PlyCount "75"]
[EventDate "2018.04.22"]
[EventType "swiss"]
[EventRounds "9"]
[EventCountry "ITA"]
[SourceTitle "CBM 184 Extra"]
[Source "ChessBase"]
[SourceDate "2018.06.28"]
[SourceVersion "1"]
[SourceVersionDate "2018.06.28"]
[SourceQuality "1"]

1. d4 Nf6 2. c4 e6 3. Nc3 b6 4. Bg5 h6 5. Bh4 Ba6 6. e3 Be7 7. Nf3 0-0 8. Bd3 d5 9. cxd5 Bxd3 10. Qxd3 exd5 11. 0-0 Nbd7 12. Ne5 Nxe5 13. dxe5 Ng4 14. Bxe7 Qxe7 15. f4 Qc5 16. Rae1 Rad8 17. h3 Nxe3 18. Rxe3 d4 19. Ne4 Qb4 20. Rg3 Kh8 21. Qd2 Qe7 22. f5 Qxe5 23. f6 g5 24. Qe2 Rd5 25. Qh5 Kh7 26. Nxg5+ Qxg5 27. Rxg5 Rxg5 28. Qe2 c5 29. Qe4+ Kg8 30. Rf5 Rd8 31. Rxg5+ hxg5 32. Qe5 d3 33. Qxg5+ Kf8 34. Qg7+ Ke8 35. Qg8+ Kd7 36. Qxf7+ Kc8 37. Qe6+ Kb7 38. Qe1 1-0

[Event "World Amateur-ch U2000"]
[Site "Cagliari"]
[Date "2018.04.22"]
[Round "1"]
[White "Bedon, Kevin"]
[Black "Sahinoz, Giulio O"]
[Result "1-0"]
[WhiteElo "1912"]
[BlackElo "1757"]
[PlyCount "87"]
[EventDate "2018.04.22"]
[EventType "swiss"]
[EventRounds "9"]
[EventCountry "ITA"]
[SourceTitle "CBM 184 Extra"]
[Source "ChessBase"]
[SourceDate "2018.06.28"]
[SourceVersion "1"]
[SourceVersionDate "2018.06.28"]
[SourceQuality "1"]

1. e4 c5 2. Nf3 d6 3. d4 cxd4 4. Nxd4 Nf6 5. Nc3 a6 6. f3 e5 7. Nb3 Be7 8. Be3 Be6 9. Qd2 0-0 10. g4 Nbd7 11. 0-0-0 b5 12. h4 Nb6 13. Bxb6 Qxb6 14. Kb1 d5 15. g5 d4 16. Ne2 Nh5 17. f4 exf4 18. Nxf4 Ng3 19. Rg1 Nxe4 20. Qg2 Nc5 21. Nxd4 Qd6 22. Qg3 Rad8 23. Be2 Qxd4 24. Rxd4 Rxd4 25. c3 Rd2 26. Qe3 Rd7 27. Nxe6 Nxe6 28. Rf1 Bc5 29. Qe4 Rfd8 30. Bg4 Rd6 31. Bxe6 fxe6 32. Qb7 Rd1+ 33. Rxd1 Rxd1+ 34. Kc2 Rd5 35. Qxa6 Bd6 36. Qb7 Bg3 37. Qe7 Rf5 38. Qxe6+ Rf7 39. h5 Kf8 40. Qc8+ Ke7 41. Qb7+ Ke6 42. Qe4+ Be5 43. Qxh7 Rf5 44. Qg6+ 1-0

[Event "London Classic op U1825 8th"]
[Site "London"]
[Date "2016.12.10"]
[Round "3"]
[White "Sahinoz, Giulio O"]
[Black "Mason, Ian"]
[Result "1/2-1/2"]
[WhiteElo "1340"]
[BlackElo "1585"]
[PlyCount "38"]
[EventDate "2016.12.09"]
[EventType "swiss"]
[EventRounds "5"]
[EventCountry "ENG"]
[SourceTitle "EXT 2019"]
[Source "ChessBase"]
[SourceDate "2018.10.10"]
[SourceVersion "1"]
[SourceVersionDate "2018.10.10"]
[SourceQuality "1"]

1. d4 Nf6 2. c4 e6 3. Nc3 Bb4 4. Qc2 0-0 5. Nf3 d5 6. Bg5 c5 7. e3 Nbd7 8. Bd3 h6 9. Bh4 a6 10. cxd5 exd5 11. a3 Qa5 12. 0-0 Bxc3 13. bxc3 b5 14. Bg3 c4 15. Bf5 Nb6 16. Bxc8 Raxc8 17. Bd6 Rfe8 18. Bb4 Qa4 19. Qxa4 Nxa4 1/2-1/2

[Event "BCF-chT4S 1617 (4NCL)"]
[Site "England"]
[Date "2016.11.26"]
[Round "1.86"]
[White "Sahinoz, Giulio O"]
[Black "Tselos, Aristotelis"]
[Result "0-1"]
[WhiteElo "1600"]
[BlackElo "1757"]
[PlyCount "68"]
[EventDate "2016.11.26"]
[EventType "team-swiss"]
[EventRounds "11"]
[EventCountry "ENG"]
[SourceTitle "EXT 2019"]
[Source "ChessBase"]
[SourceDate "2018.10.10"]
[SourceVersion "1"]
[SourceVersionDate "2018.10.10"]
[SourceQuality "1"]
[WhiteTeam "Poisoned Pawns II"]
[BlackTeam "Oxford III"]
[WhiteTeamCountry "ENG"]
[BlackTeamCountry "ENG"]

1. d4 d5 2. c4 e6 3. Nc3 Nf6 4. Bg5 Be7 5. Nf3 h6 6. Bh4 Nc6 7. e3 0-0 8. cxd5 Nxd5 9. Bxe7 Qxe7 10. Nxd5 exd5 11. h3 Bf5 12. Bd3 Qb4+ 13. Kf1 Bxd3+ 14. Qxd3 Qxb2 15. Rb1 Qxa2 16. Rxb7 Rab8 17. Rxc7 Rb1+ 18. Ne1 Rxe1+ 19. Kxe1 Qa5+ 20. Ke2 Qxc7 21. Rc1 Qb6 22. Qf5 Ne7 23. Qd7 Qb2+ 24. Kd1 Qa3 25. Rc7 Qd3+ 26. Ke1 Rb8 27. Rb7 Qc3+ 28. Ke2 Rxb7 29. Qxb7 Qa3 30. Kf3 a5 31. Qa7 Qb4 32. Kf4 a4 33. e4 a3 34. Ke5 Nc6+ 0-1

[Event "Milton Keynes 4NCL Major op 11th"]
[Site "Milton Keynes"]
[Date "2016.11.05"]
[Round "2.12"]
[White "Livesey, R Nigel"]
[Black "Sahinoz, Giulio O"]
[Result "1-0"]
[WhiteElo "1777"]
[BlackElo "1374"]
[PlyCount "99"]
[EventDate "2016.11.04"]
[EventType "swiss"]
[EventRounds "5"]
[EventCountry "ENG"]
[SourceTitle "EXT 2023"]
[Source "ChessBase"]
[SourceDate "2022.10.05"]
[SourceVersion "1"]
[SourceVersionDate "2022.10.05"]
[SourceQuality "1"]

1. c4 e5 2. g3 Nf6 3. Bg2 c6 4. d4 e4 5. e3 d5 6. cxd5 cxd5 7. Nc3 Nc6 8. Nh3 Bb4 9. 0-0 0-0 10. Qb3 Be6 11. Nf4 Rc8 12. Bd2 Qd7 13. Rac1 Rfd8 14. a3 Ba5 15. Nxe6 Qxe6 16. Qd1 a6 17. b4 Bb6 18. Na4 Ba7 19. Nc5 Qe7 20. Bh3 Rb8 21. Nxa6 bxa6 22. Rxc6 Qb7 23. Qc2 Ne8 24. Rc1 Nd6 25. Bf1 Nc4 26. Rxc4 dxc4 27. Qxc4 Qb5 28. Qc7 Qb6 29. Bh3 Qxc7 30. Rxc7 Bb6 31. Rc6 g6 32. f3 exf3 33. Rf6 Kg7 34. Rxf3 f5 35. g4 fxg4 36. Bxg4 Rf8 37. Kg2 Rf6 38. a4 Kf7 39. Kf2 Ke7 40. Ke2 Kd6 41. Bc8 Ba7 42. Kd3 a5 43. b5 Rf7 44. Ke2 h5 45. h3 Rc7 46. Ba6 Rc4 47. Bb7 Rxa4 48. Bc6 Ra1 49. Rf2 Ke6 50. Kf3 1-0

[Event "EU-ch U10 26th"]
[Site "Prague"]
[Date "2016.08.18"]
[Round "1"]
[White "Spizharny, Mikhail"]
[Black "Sahinoz, Giulio O"]
[Result "1-0"]
[WhiteElo "1754"]
[BlackElo "1385"]
[PlyCount "107"]
[EventDate "2016.08.18"]
[EventType "swiss"]
[EventRounds "9"]
[EventCountry "CZE"]
[SourceTitle "CBM 174 Extra"]
[Source "ChessBase"]
[SourceDate "2016.10.10"]
[SourceVersion "1"]
[SourceVersionDate "2016.10.10"]
[SourceQuality "1"]

1. e4 c5 2. Nf3 d6 3. d4 cxd4 4. Nxd4 Nf6 5. Nc3 a6 6. g3 e5 7. Nde2 Be7 8. Bg2 Be6 9. 0-0 0-0 10. h3 Nbd7 11. Kh2 Rc8 12. a4 Qc7 13. a5 Rfd8 14. g4 h6 15. Ng3 Nc5 16. Be3 Ne8 17. Nf5 Bxf5 18. Nd5 Bxg4 19. f3 Qd7 20. fxg4 Qe6 21. Qf3 Nf6 22. g5 hxg5 23. Bxg5 Ncd7 24. Kh1 Nc5 25. b4 Ncxe4 26. Nxe7+ Qxe7 27. Qxe4 Nxe4 28. Bxe7 Ng3+ 29. Kg1 Rd7 30. Rf3 Ne2+ 31. Kf1 Rxe7 32. Kxe2 Rxc2+ 33. Kf1 Rb2 34. Rd3 Rd7 35. Rad1 Rxb4 36. Rxd6 Rxd6 37. Rxd6 Rb1+ 38. Kf2 Rb2+ 39. Kg3 Rb5 40. Rd5 Rb3+ 41. Kg4 f6 42. Kf5 Rb2 43. Rd8+ Kh7 44. Be4 Rb5 45. h4 Rb4 46. h5 Ra4 47. Rb8 Rb4 48. Rxb7 Ra4 49. Rb8 Rxa5 50. Kg4+ g6 51. hxg6+ Kg7 52. Rb7+ Kg8 53. Rf7 Rc5 54. Rxf6 1-0